[Event "Montcalm-ch"]
[Site "Quebec CAN"]
[Date "2006.04.27"]
[Round "1"]
[White "Sauve, Richard"]
[Black "Lessard, Claude"]
[Result "1-0"]
[WhiteElo "2121"]
[BlackElo "1992"]
[PlyCount "149"]
[EventDate "2006.04.27"]
[EventType "tourn"]
[EventRounds "5"]
[EventCountry "CAN"]

1. d4 Nf6 2. c4 c5 3. d5 b5 4. cxb5 a6 5. bxa6 g6 6. Nc3 d6 7. e4 Bg7 8. Nf3
O-O 9. Bc4 Bg4 10. O-O Nxa6 11. h3 Bxf3 12. Qxf3 Qb6 13. Qe2 Nd7 14. a4 Ne5 15.
Bb5 Nc7 16. Bg5 Nxb5 17. axb5 f6 18. Bf4 f5 19. exf5 gxf5 20. Ra6 Rxa6 21. bxa6
Ng6 22. Bg5 Be5 23. Ra1 Ra8 24. Qb5 Qa7 25. Ra2 Rb8 26. Qd3 Qd7 27. a7 Ra8 28.
Nb5 Bg7 29. Qe2 Kf8 30. b3 f4 31. Ra4 Be5 32. h4 Kg7 33. h5 Qf5 34. hxg6 f3 35.
Qf1 Qxg5 36. Nc7 fxg2 37. Ne6+ Kf6 38. Qxg2 Qc1+ 39. Qf1 Qh6 40. f4 Qxg6+ 41.
Qg2 Bd4+ 42. Nxd4 Qxg2+ 43. Kxg2 cxd4 44. b4 e5 45. dxe6 Kxe6 46. b5 Kd7 47. b6
Kc6 48. Rb4 Kb7 49. Kf3 Re8 50. f5 d3 51. Rd4 Kxb6 52. Rxd6+ Kxa7 53. Rxd3 Re7
54. Rb3 h5 55. Kf4 Re1 56. Kg5 Rf1 57. f6 h4 58. Rh3 Kb7 59. Rxh4 Kc7 60. Rd4
Rg1+ 61. Kh6 Rh1+ 62. Kg7 Rg1+ 63. Kf8 Rg2 64. f7 Rg1 65. Rd5 Kc6 66. Rd8 Kc7
67. Re8 Kd7 68. Re5 Rg2 69. Re7+ Kd8 70. Re4 Kd7 71. Rd4+ Kc7 72. Ke7 Re2+ 73.
Kf6 Rf2+ 74. Ke6 Rf1 75. Rd5 1-0

[Event "Montcalm-ch"]
[Site "Quebec CAN"]
[Date "2006.05.03"]
[Round "2"]
[White "Berube, Antoine"]
[Black "Auger, Bertrand"]
[Result "1-0"]
[WhiteElo "2175"]
[BlackElo "2023"]
[PlyCount "75"]
[EventDate "2006.04.27"]
[EventType "tourn"]
[EventRounds "5"]
[EventCountry "CAN"]

1. d4 e6 2. c4 Nf6 3. Nf3 b6 4. a3 Bb7 5. Nc3 Be7 6. d5 exd5 7. cxd5 O-O 8. e4
d6 9. Bd3 Re8 10. O-O Nfd7 11. Be3 Bf6 12. Bd4 Ne5 13. Nxe5 dxe5 14. Be3 c6 15.
Bc4 cxd5 16. Bxd5 Nc6 17. Qa4 Na5 18. Bxb7 Nxb7 19. Rfd1 Qb8 20. Nd5 Be7 21. b4
Bd6 22. Rac1 Rc8 23. Qd7 Rd8 24. Qg4 Kf8 25. Rc6 Rc8 26. Rdc1 Rxc6 27. Rxc6 Qe8
28. Rc3 Rd8 29. Bg5 f6 30. Rf3 Qd7 31. Nxf6 gxf6 32. Bh6+ Ke8 33. Qg8+ Ke7 34.
Qg7+ Ke8 35. Qh8+ Ke7 36. Qxf6+ Ke8 37. Qh8+ Ke7 38. Qg7+ 1-0

[Event "Montcalm-ch"]
[Site "Quebec CAN"]
[Date "2006.05.03"]
[Round "2"]
[White "Lessard, Claude"]
[Black "Caron, Sebastien"]
[Result "1/2-1/2"]
[WhiteElo "1992"]
[BlackElo "1912"]
[PlyCount "111"]
[EventDate "2006.04.27"]
[EventType "tourn"]
[EventRounds "5"]
[EventCountry "CAN"]

1. d4 d6 2. Bf4 Nf6 3. Nf3 Bg4 4. Nbd2 g6 5. h3 Bxf3 6. Nxf3 Bg7 7. e3 O-O 8.
Bd3 Nfd7 9. c3 e5 10. Bg5 Bf6 11. Bxf6 Qxf6 12. Qb3 Nb6 13. h4 N8d7 14. h5 d5
15. dxe5 Nxe5 16. Nxe5 Qxe5 17. hxg6 hxg6 18. O-O-O Kg7 19. Rh3 Rh8 20. Rg3 f5
21. f4 Qe6 22. Qb4 Rae8 23. Qd4+ Kf7 24. Bc2 Qf6 25. Qc5 Qe7 26. Rxd5 Rh1+ 27.
Kd2 Nxd5 28. Qxd5+ Kg7 29. Qxf5 Qd6+ 30. Qd3 Rd8 31. Ke2 Qxd3+ 32. Bxd3 Rd6 33.
e4 Ra1 34. e5 Rb6 35. f5 Rxb2+ 36. Kf3 Re1 37. Rxg6+ Kh7 38. Re6 Rd2 39. Re7+
Kh6 40. Bc4 Rc2 41. Bb3 Rxc3+ 42. Kf2 Rce3 43. e6 Kg5 44. Rxc7 Kxf5 45. Rxb7 a5
46. Rf7+ Kg4 47. Rg7+ Kf4 48. Bc4 Re4 49. g3+ Ke5 50. Rd7 Kf6 51. Rf7+ Ke5 52.
Ra7 Kd4 53. Bb3 R1e2+ 54. Kf3 R2e3+ 55. Kg2 Re5 56. Rd7+ 1/2-1/2

[Event "Montcalm-ch"]
[Site "Quebec CAN"]
[Date "2006.05.03"]
[Round "2"]
[White "Sauve, Richard"]
[Black "L'Heureux, Clement"]
[Result "0-1"]
[WhiteElo "2121"]
[BlackElo "1912"]
[PlyCount "72"]
[EventDate "2006.04.27"]
[EventType "tourn"]
[EventRounds "5"]
[EventCountry "CAN"]

1. d4 Nf6 2. c4 c5 3. d5 e6 4. Nc3 exd5 5. cxd5 d6 6. e4 g6 7. Nf3 Bg4 8. Qa4+
Bd7 9. Bb5 a6 10. Bxd7+ Nbxd7 11. O-O Bg7 12. Bf4 b5 13. Qc2 Qb8 14. Rfe1 O-O
15. Rad1 Re8 16. h3 Nh5 17. Bh2 Ne5 18. Nxe5 Bxe5 19. Bxe5 Rxe5 20. Kh2 b4 21.
Nb1 Qe8 22. Nd2 f5 23. Kg1 Rd8 24. f3 fxe4 25. Nc4 Rg5 26. Rxe4 Qf7 27. Kh2 Nf4
28. Ne3 Kg7 29. Qd2 h5 30. g3 Nxh3 31. Kxh3 Qxf3 32. Re7+ Kf8 33. Nf1 Qf5+ 34.
Kh2 Kxe7 35. Re1+ Kd7 36. Qe3 Qe5 0-1

[Event "Montcalm-ch"]
[Site "Quebec CAN"]
[Date "2006.05.10"]
[Round "3"]
[White "Auger, Bertrand"]
[Black "Sauve, Richard"]
[Result "1/2-1/2"]
[WhiteElo "2023"]
[BlackElo "2121"]
[PlyCount "70"]
[EventDate "2006.04.27"]
[EventType "tourn"]
[EventRounds "5"]
[EventCountry "CAN"]

1. Nf3 d5 2. g3 Nf6 3. b3 c5 4. Bg2 Nc6 5. Bb2 e6 6. O-O Be7 7. e3 O-O 8. Qe2
Bd7 9. c4 Qc7 10. Nc3 dxc4 11. bxc4 Rfd8 12. Rfd1 Rac8 13. Rac1 Be8 14. d4 cxd4
15. exd4 Na5 16. Nb5 Qb6 17. Na3 Qa6 18. Ne5 Nc6 19. Nb5 Nxe5 20. dxe5 Rxd1+
21. Rxd1 Nd7 22. Nd6 Bxd6 23. exd6 Qxc4 24. Qe3 Qxa2 25. Rc1 Rxc1+ 26. Qxc1 Kf8
27. Bxb7 a5 28. Bc8 Nb6 29. Ba3 Nd7 30. Bxd7 Bxd7 31. Qc7 Qb1+ 32. Kg2 Qe4+ 33.
Kg1 Qb1+ 34. Kg2 Qe4+ 35. Kg1 Qb1+ 1/2-1/2

[Event "Montcalm-ch"]
[Site "Quebec CAN"]
[Date "2006.05.10"]
[Round "3"]
[White "Caron, Sebastien"]
[Black "Berube, Antoine"]
[Result "0-1"]
[WhiteElo "1912"]
[BlackElo "2175"]
[PlyCount "92"]
[EventDate "2006.04.27"]
[EventType "tourn"]
[EventRounds "5"]
[EventCountry "CAN"]

1. e4 c5 2. Nf3 d6 3. d4 cxd4 4. Nxd4 Nf6 5. Nc3 a6 6. Bg5 e6 7. f4 Qb6 8. Qd3
Qxb2 9. Rb1 Qa3 10. Rb3 Qa5 11. Bxf6 gxf6 12. Qc4 Nd7 13. Nc6 Qc5 14. Qxc5 Nxc5
15. Nd4 Nxb3 16. axb3 Bd7 17. Bd3 Rc8 18. Nd1 Be7 19. f5 Bd8 20. Nf3 Bc6 21.
Rf1 Bb6 22. Nb2 Ke7 23. Nc4 Bc5 24. Ke2 Rhg8 25. g3 Rg4 26. Ncd2 Kd7 27. c3 Re8
28. Kd1 d5 29. exd5 Bxd5 30. b4 Bd6 31. fxe6+ fxe6 32. b5 axb5 33. Bxb5+ Bc6
34. Bd3 Ra8 35. Ke2 Bxf3+ 36. Rxf3 Be5 37. Bb5+ Ke7 38. Rd3 Rd8 39. Re3 h5 40.
Nf3 Bc7 41. Nd4 e5 42. Bc4 Bb6 43. h3 Bxd4 44. hxg4 Bxe3 45. Kxe3 hxg4 46. Ke4
Rc8 0-1

[Event "Montcalm-ch"]
[Site "Quebec CAN"]
[Date "2006.05.10"]
[Round "3"]
[White "L'Heureux, Clement"]
[Black "Lessard, Claude"]
[Result "1-0"]
[WhiteElo "1912"]
[BlackElo "1992"]
[PlyCount "55"]
[EventDate "2006.04.27"]
[EventType "tourn"]
[EventRounds "5"]
[EventCountry "CAN"]

1. d4 d5 2. Nc3 Bf5 3. Bg5 c6 4. e3 Nd7 5. Bd3 Bxd3 6. cxd3 Qb6 7. Nge2 e5 8.
O-O f6 9. Bh4 g5 10. Bg3 h5 11. f4 exf4 12. exf4 h4 13. Bf2 g4 14. g3 hxg3 15.
hxg3 f5 16. Kg2 Bg7 17. Rh1 Rh3 18. Na4 Qc7 19. Rc1 Ne7 20. b4 Kf7 21. Rxh3
gxh3+ 22. Kxh3 Nf6 23. Ng1 Ng4 24. Kg2 Nxf2 25. Qh5+ Ke6 26. Nc5+ Kd6 27. Qf7
Qd8 28. Nxb7+ 1-0

[Event "Montcalm-ch"]
[Site "Quebec CAN"]
[Date "2006.05.17"]
[Round "4"]
[White "L'Heureux, Clement"]
[Black "Auger, Bertrand"]
[Result "0-1"]
[WhiteElo "1912"]
[BlackElo "2023"]
[PlyCount "82"]
[EventDate "2006.04.27"]
[EventType "tourn"]
[EventRounds "5"]
[EventCountry "CAN"]

1. d4 e6 2. Nc3 d5 3. Nf3 Nf6 4. Bg5 h6 5. Bxf6 Qxf6 6. a3 c5 7. e4 cxd4 8. e5
Qd8 9. Qxd4 Nc6 10. Bb5 Bd7 11. Bxc6 bxc6 12. b4 c5 13. bxc5 Qa5 14. O-O Rc8
15. Rfb1 Bxc5 16. Qd2 Qxc3 17. Qxc3 Bxf2+ 18. Kxf2 Rxc3 19. Ne1 Bc8 20. Ke2 Ke7
21. Kd2 Rc7 22. Rb4 f6 23. Nd3 Ba6 24. Rg4 Kf7 25. exf6 gxf6 26. Nb4 Bb7 27. c3
Rhc8 28. Rg3 e5 29. Rh3 Rg8 30. Rg1 Rg6 31. Rh4 Ke6 32. Nc2 f5 33. Ra4 Bc6 34.
Ra6 f4 35. Nb4 Kf5 36. g4+ Kg5 37. Nxd5 Rd7 38. c4 Rgd6 39. Kc3 Bxd5 40. Rxd6
Rxd6 41. cxd5 Rxd5 0-1

[Event "Montcalm-ch"]
[Site "Quebec CAN"]
[Date "2006.05.17"]
[Round "4"]
[White "Lessard, Claude"]
[Black "Berube, Antoine"]
[Result "1/2-1/2"]
[WhiteElo "1992"]
[BlackElo "2175"]
[PlyCount "78"]
[EventDate "2006.04.27"]
[EventType "tourn"]
[EventRounds "5"]
[EventCountry "CAN"]

1. d4 d5 2. c4 c6 3. Nc3 Nf6 4. Nf3 e6 5. e3 Nbd7 6. cxd5 exd5 7. Bd3 Bd6 8.
O-O O-O 9. Re1 Re8 10. e4 dxe4 11. Nxe4 Nxe4 12. Bxe4 h6 13. Bd2 Nf6 14. Qc2
Nxe4 15. Rxe4 Rxe4 16. Qxe4 Be6 17. a3 Bd5 18. Qg4 Qc8 19. Qh5 Be4 20. Ne5 Qf5
21. Qxf5 Bxf5 22. Nc4 Bc7 23. Re1 Be6 24. Ne5 Rd8 25. Bc3 Bb6 26. Nf3 Re8 27.
Nd2 Rd8 28. Nf3 a5 29. h3 Kf8 30. Kh2 Bb3 31. Nd2 Bd5 32. Kg1 f6 33. Ne4 Bxe4
34. Rxe4 Rd7 35. a4 Re7 36. Re3 Rxe3 37. fxe3 f5 38. Kf2 Kf7 39. Kf3 g6 1/2-1/2

[Event "Montcalm-ch"]
[Site "Quebec CAN"]
[Date "2006.05.17"]
[Round "4"]
[White "Sauve, Richard"]
[Black "Caron, Sebastien"]
[Result "1-0"]
[WhiteElo "2121"]
[BlackElo "1912"]
[PlyCount "75"]
[EventDate "2006.04.27"]
[EventType "tourn"]
[EventRounds "5"]
[EventCountry "CAN"]

1. d4 Nf6 2. c4 c5 3. d5 e6 4. Nc3 exd5 5. cxd5 d6 6. e4 g6 7. Nf3 Bg4 8. Qa4+
Bd7 9. Qb3 Qc7 10. Bf4 Nh5 11. Be3 Bg7 12. Bc4 O-O 13. O-O a6 14. a4 Re8 15.
Rfe1 Bg4 16. Nd2 Bc8 17. f4 Qd8 18. Be2 Nf6 19. Bf3 Qc7 20. Nc4 Nbd7 21. Rad1
Rb8 22. e5 dxe5 23. d6 Qd8 24. fxe5 Nxe5 25. Bxc5 Nxf3+ 26. gxf3 Be6 27. Qb4
Nd7 28. Bf2 Qg5+ 29. Bg3 Rbc8 30. Ne3 Qd8 31. Ncd5 Bxd5 32. Nxd5 Rc2 33. Ne7+
Kf8 34. b3 Qb6+ 35. Qxb6 Nxb6 36. d7 Rd8 37. Bd6 Bc3 38. Nf5+ 1-0

[Event "Montcalm-ch"]
[Site "Quebec CAN"]
[Date "2006.05.25"]
[Round "5"]
[White "Berube, Antoine"]
[Black "Sauve, Richard"]
[Result "1-0"]
[WhiteElo "2175"]
[BlackElo "2121"]
[PlyCount "123"]
[EventDate "2006.04.27"]
[EventType "tourn"]
[EventRounds "5"]
[EventCountry "CAN"]

1. e4 d5 2. exd5 Nf6 3. d4 Nxd5 4. Nf3 Bg4 5. Be2 e6 6. O-O Be7 7. h3 Bh5 8. c4
Nb6 9. Be3 O-O 10. Qb3 Nc6 11. Nbd2 Rb8 12. Rfd1 Qe8 13. a4 a5 14. Qb5 Bg6 15.
Nb3 Nc8 16. c5 Be4 17. Bf4 Bd8 18. Qc4 Bd5 19. Qc3 Bxb3 20. Qxb3 N8e7 21. Bb5
Nd5 22. Bd2 Bf6 23. Qc2 Ra8 24. Qe4 Qe7 25. g4 g6 26. g5 Bg7 27. Re1 Rfd8 28.
Rad1 Qf8 29. h4 Nce7 30. Ne5 Nf5 31. Nf3 Qe7 32. Bc4 Qd7 33. Bb5 c6 34. Bc4 b5
35. axb5 cxb5 36. Be2 a4 37. h5 b4 38. hxg6 hxg6 39. Ne5 Qc7 40. Bc4 Bxe5 41.
Qxe5 Qxe5 42. dxe5 a3 43. Bxd5 Rxd5 44. Bxb4 a2 45. Rxd5 exd5 46. Ra1 Nd4 47.
Ba3 Nf3+ 48. Kg2 Nxe5 49. Rxa2 Nc4 50. Ra1 Ra5 51. Rc1 Kf8 52. c6+ Ke8 53. b3
Rxa3 54. bxc4 dxc4 55. Rxc4 Kd8 56. Rd4+ Kc7 57. Rd7+ Kxc6 58. Rxf7 Kb5 59. Rf6
Ra6 60. Rxa6 Kxa6 61. Kf3 Kb6 62. Ke4 1-0

[Event "Montcalm-ch"]
[Site "Quebec CAN"]
[Date "2006.05.25"]
[Round "5"]
[White "Caron, Sebastien"]
[Black "L'Heureux, Clement"]
[Result "0-1"]
[WhiteElo "1912"]
[BlackElo "1912"]
[PlyCount "54"]
[EventDate "2006.04.27"]
[EventType "tourn"]
[EventRounds "5"]
[EventCountry "CAN"]

1. e4 e5 2. Nf3 Nc6 3. Bb5 Bc5 4. O-O Nd4 5. Nxd4 Bxd4 6. c3 Bb6 7. d3 c6 8.
Ba4 d6 9. Nd2 Nf6 10. h3 O-O 11. Nf3 Qe7 12. Qe2 h6 13. Nh2 a5 14. Bd1 Be6 15.
Be3 Bxe3 16. Qxe3 g5 17. Ng4 Kg7 18. Nxf6 Qxf6 19. Bb3 a4 20. Bxe6 Qxe6 21. Qg3
f5 22. f4 exf4 23. Rxf4 a3 24. Rxf5 Rxf5 25. exf5 axb2 26. Rb1 Qxa2 27. Qe1
Qxb1 0-1

[Event "Myriam Roy FIDE"]
[Site "Montreal CAN"]
[Date "2006.07.19"]
[Round "1"]
[White "Le Duin, Thierry"]
[Black "Laurain, Guy"]
[Result "1/2-1/2"]
[WhiteElo "2053"]
[BlackElo "2187"]
[PlyCount "133"]
[EventDate "2006.07.01"]
[EventType "tourn"]
[EventRounds "9"]
[EventCountry "CAN"]

1. d4 Nf6 2. c4 g6 3. Nc3 Bg7 4. e4 d6 5. Bg5 c5 6. d5 O-O 7. f4 a6 8. Qd2 Re8
9. Nf3 Bg4 10. Be2 Qa5 11. O-O Nbd7 12. h3 Bxf3 13. Rxf3 Rab8 14. Bd3 b5 15. a3
bxc4 16. Bxc4 Nb6 17. Bd3 c4 18. Bc2 Nfd7 19. Bh4 Nc5 20. Be1 Nbd7 21. Qc1 Qb6
22. Kh2 Qxb2 23. Rb1 Qxc1 24. Rxc1 Nb3 25. Rb1 Nd4 26. Rf2 Nc5 27. Rxb8 Rxb8
28. Bd1 Nd3 29. Rf1 Nxe1 30. Rxe1 Rb2 31. Kg3 Nb3 32. Na4 Ra2 33. Nb6 Bd4 34.
Nxc4 Bf2+ 35. Kh2 Bxe1 36. Bxb3 Rf2 37. e5 Rxf4 38. exd6 exd6 39. Nxd6 Rd4 40.
Nb7 Rd3 41. Bc4 Bg3+ 42. Kg1 Rc3 43. Bf1 Kf8 44. a4 Rc1 45. Na5 Ra1 46. Nb7
Rxa4 47. Nc5 Ra1 48. Nxa6 Ke7 49. Nc5 Be5 50. Nb3 Rb1 51. Nd2 Bd4+ 52. Kh2 Rd1
53. Nf3 Rxf1 54. Nxd4 Kd6 55. Nc2 Rf2 56. Ne3 Re2 57. Ng4 h5 58. Nh6 Rf2 59.
Kg3 Rf1 60. Kh4 Kxd5 61. g4 hxg4 62. hxg4 Ke6 63. Kg5 Re1 64. Ng8 Rf1 65. Nh6
Ke7 66. Ng8+ Ke6 67. Nh6 1/2-1/2

[Event "Myriam Roy FIDE"]
[Site "Montreal CAN"]
[Date "2006.07.19"]
[Round "1"]
[White "Tremblay, Alain"]
[Black "Masse, Hugues"]
[Result "1/2-1/2"]
[WhiteElo "2073"]
[BlackElo "2178"]
[PlyCount "52"]
[EventDate "2006.07.01"]
[EventType "tourn"]
[EventRounds "9"]
[EventCountry "CAN"]

1. d4 Nf6 2. c4 g6 3. f3 d5 4. cxd5 Nxd5 5. e4 Nb6 6. Nc3 Bg7 7. Be3 O-O 8. Qd2
Nc6 9. O-O-O e5 10. d5 Nd4 11. Nb5 Nxb5 12. Bxb5 Bd7 13. Be2 c6 14. dxc6 Bxc6
15. Qb4 Qc7 16. Kb1 Rfd8 17. Nh3 Bf6 18. Bc5 Rxd1+ 19. Rxd1 Rd8 20. Bd6 Qc8 21.
Nf2 Qe6 22. Ng4 Bg7 23. Qc5 h5 24. Ne3 Nc8 25. Bc7 Rxd1+ 26. Nxd1 Qe7 1/2-1/2

[Event "Myriam Roy FIDE"]
[Site "Montreal CAN"]
[Date "2006.07.19"]
[Round "1"]
[White "Trinh, Tri Bao"]
[Black "Sullivan, Neil"]
[Result "1-0"]
[WhiteElo "2046"]
[BlackElo "2123"]
[PlyCount "43"]
[EventDate "2006.07.01"]
[EventType "tourn"]
[EventRounds "9"]
[EventCountry "CAN"]

1. e4 c5 2. c3 Nf6 3. e5 Nd5 4. d4 cxd4 5. Nf3 e6 6. cxd4 b6 7. Bd3 Ba6 8. O-O
Bxd3 9. Qxd3 d6 10. a3 Nc6 11. Nbd2 dxe5 12. dxe5 Be7 13. Re1 O-O 14. Ne4 Rc8
15. Neg5 g6 16. Qe4 h6 17. Nxe6 Qd7 18. Nxf8 Bxf8 19. e6 Qxe6 20. Qxe6 fxe6 21.
Rxe6 Kf7 22. Rxc6 1-0

[Event "Myriam Roy FIDE"]
[Site "Montreal CAN"]
[Date "2006.07.21"]
[Round "2"]
[White "Laurain, Guy"]
[Black "Tremblay, Alain"]
[Result "0-1"]
[WhiteElo "2187"]
[BlackElo "2073"]
[PlyCount "86"]
[EventDate "2006.07.01"]
[EventType "tourn"]
[EventRounds "9"]
[EventCountry "CAN"]

1. e4 c6 2. d4 g6 3. Nf3 d6 4. c4 Bg7 5. h3 Nf6 6. Nc3 a6 7. Be2 O-O 8. O-O b5
9. Qc2 bxc4 10. Bxc4 d5 11. Bb3 dxe4 12. Nxe4 Bf5 13. Nxf6+ Bxf6 14. Qc3 Be6
15. Bh6 Re8 16. Ne5 Bd5 17. Rfd1 a5 18. Rac1 a4 19. Bxd5 Qxd5 20. a3 Rd8 21.
Be3 Ra6 22. Qb4 Qb5 23. Nxc6 Qxb4 24. Nxb4 Rad6 25. Rc7 Na6 26. Rc4 Nxb4 27.
Rxb4 e5 28. d5 Rxd5 29. Rxd5 Rxd5 30. Rxa4 Kg7 31. Kf1 e4 32. Rb4 Rd1+ 33. Ke2
Rb1 34. a4 Ra1 35. Bd4 Bxd4 36. Rxd4 Ra2 37. Rb4 f5 38. Ke3 Kf6 39. Kd4 Ra1 40.
Rc4 Rd1+ 41. Kc3 Ke5 42. a5 f4 43. Rc8 Rc1+ 0-1

[Event "Myriam Roy FIDE"]
[Site "Montreal CAN"]
[Date "2006.07.21"]
[Round "2"]
[White "Libersan, Thierry"]
[Black "Roy, Myriam"]
[Result "1-0"]
[WhiteElo "1961"]
[BlackElo "1800"]
[PlyCount "23"]
[EventDate "2006.07.01"]
[EventType "tourn"]
[EventRounds "9"]
[EventCountry "CAN"]

1. e4 c6 2. d4 d5 3. e5 Bf5 4. h4 e6 5. g4 Qa5+ 6. Nd2 Qa4 7. gxf5 Qxd4 8. Ngf3
Qb6 9. fxe6 fxe6 10. Ng5 Bc5 11. Qf3 Nh6 12. Nxe6 1-0

[Event "Myriam Roy FIDE"]
[Site "Montreal CAN"]
[Date "2006.07.21"]
[Round "2"]
[White "Trinh, Tri Bao"]
[Black "Le Duin, Thierry"]
[Result "0-1"]
[WhiteElo "2046"]
[BlackElo "2053"]
[PlyCount "60"]
[EventDate "2006.07.01"]
[EventType "tourn"]
[EventRounds "9"]
[EventCountry "CAN"]

1. c4 Nf6 2. g3 d5 3. cxd5 Nxd5 4. Nf3 Nc6 5. Bg2 e5 6. Nc3 Be6 7. Qa4 Nb6 8.
Qd1 Be7 9. O-O Qd7 10. a3 Bh3 11. b4 Bxg2 12. Kxg2 a6 13. d3 h5 14. h4 f6 15.
Be3 Nd4 16. Bxd4 exd4 17. Ne4 g5 18. hxg5 fxg5 19. Nfxg5 h4 20. Rh1 Bxg5 21.
Nxg5 O-O-O 22. Ne4 hxg3 23. Nxg3 Qc6+ 24. Ne4 Rdg8+ 25. Kf3 Qe6 26. Ng3 Qg4+
27. Kg2 Nd5 28. Rxh8 Ne3+ 29. Kg1 Rxh8 30. Qe1 Rh1+ 0-1

[Event "Myriam Roy FIDE"]
[Site "Montreal CAN"]
[Date "2006.07.22"]
[Round "3"]
[White "Le Duin, Thierry"]
[Black "Sullivan, Neil"]
[Result "1-0"]
[WhiteElo "2053"]
[BlackElo "2123"]
[PlyCount "45"]
[EventDate "2006.07.01"]
[EventType "tourn"]
[EventRounds "9"]
[EventCountry "CAN"]

1. d4 d5 2. Nf3 e6 3. c3 c5 4. Bg5 Be7 5. Bxe7 Qxe7 6. e3 Nf6 7. Bd3 Nc6 8.
Nbd2 O-O 9. Ne5 Nxe5 10. dxe5 Nd7 11. f4 f6 12. Nf3 a6 13. h4 b5 14. Qc2 h6 15.
h5 fxe5 16. Bh7+ Kh8 17. Nh4 Rf6 18. Ng6+ Rxg6 19. Bxg6 exf4 20. exf4 e5 21.
O-O-O exf4 22. Rhe1 Ne5 23. Qe2 1-0

[Event "Myriam Roy FIDE"]
[Site "Montreal CAN"]
[Date "2006.07.22"]
[Round "3"]
[White "Roy, Myriam"]
[Black "Masse, Hugues"]
[Result "1/2-1/2"]
[WhiteElo "1800"]
[BlackElo "2178"]
[PlyCount "118"]
[EventDate "2006.07.01"]
[EventType "tourn"]
[EventRounds "9"]
[EventCountry "CAN"]

1. e4 c5 2. Nf3 d6 3. d4 cxd4 4. Nxd4 Nf6 5. Nc3 a6 6. a4 g6 7. Be2 Bg7 8. Be3
O-O 9. f4 Qc7 10. Bf3 Bd7 11. O-O Nc6 12. Nb3 Rac8 13. a5 Be6 14. Bb6 Qb8 15.
Nd4 Bc4 16. Re1 Nd7 17. Nxc6 bxc6 18. Bd4 e5 19. fxe5 dxe5 20. Bf2 Qxb2 21. Na4
Qb7 22. Rb1 Qc7 23. Nb6 Nxb6 24. Bxb6 Qe7 25. Qd2 Qe6 26. Red1 Bf6 27. Qd7 Qxd7
28. Rxd7 Bb5 29. Bg4 h5 30. Bh3 Rb8 31. Rbd1 Kg7 32. Ra7 Ra8 33. Rxa8 Rxa8 34.
Rd7 Re8 35. Rc7 Re7 36. Bd7 Bg5 37. Kf2 f6 38. c4 Bxc4 39. Bxc6 Rxc7 40. Bxc7
Bd2 41. h4 Kf7 42. g3 Ke7 43. Kf3 Be1 44. Bb6 Bb4 45. Ke3 Bd6 46. Kf3 Ba3 47.
Ke3 Ke6 48. Be8 Bc1+ 49. Kf3 Bb3 50. Bxg6 Bd1+ 51. Kf2 Bd2 52. Bf5+ Ke7 53. Bc8
Bc2 54. Bxa6 Bxe4 55. Bc8 Kd6 56. a6 Kc6 57. Bd8 Bc3 58. Bb7+ Kd7 59. Bb6 Bc6
1/2-1/2

[Event "Myriam Roy FIDE"]
[Site "Montreal CAN"]
[Date "2006.07.22"]
[Round "3"]
[White "Tremblay, Alain"]
[Black "Trinh, Tri Bao"]
[Result "1/2-1/2"]
[WhiteElo "2073"]
[BlackElo "2046"]
[PlyCount "26"]
[EventDate "2006.07.01"]
[EventType "tourn"]
[EventRounds "9"]
[EventCountry "CAN"]

1. e4 d6 2. d4 Nf6 3. Nc3 g6 4. Nf3 Bg7 5. Be2 O-O 6. O-O c6 7. a4 Qc7 8. Re1
e5 9. dxe5 dxe5 10. Bc4 Nbd7 11. Qe2 b6 12. b3 Bb7 13. Ba3 Nc5 1/2-1/2

[Event "Myriam Roy FIDE"]
[Site "Montreal CAN"]
[Date "2006.07.22"]
[Round "4"]
[White "Laurain, Guy"]
[Black "Roy, Myriam"]
[Result "1-0"]
[WhiteElo "2187"]
[BlackElo "1800"]
[PlyCount "89"]
[EventDate "2006.07.01"]
[EventType "tourn"]
[EventRounds "9"]
[EventCountry "CAN"]

1. e4 c5 2. Nf3 Nc6 3. d4 cxd4 4. Nxd4 Nf6 5. Nc3 d6 6. Be2 e6 7. O-O Be7 8.
Kh1 O-O 9. f4 Bd7 10. Ndb5 Qb8 11. a4 a6 12. Nd4 Nxd4 13. Qxd4 Bc6 14. Be3 d5
15. e5 Nd7 16. b4 b6 17. Bf3 Qc7 18. Ne2 Bb7 19. Rfc1 Rfc8 20. c3 Qc4 21. a5
bxa5 22. Rxa5 Bd8 23. Raa1 Qxd4 24. Bxd4 Nb6 25. Bc5 Nc4 26. Nd4 Bb6 27. Nb3
Bc6 28. Be2 Bb5 29. Bxb6 Nxb6 30. Bxb5 axb5 31. Rxa8 Rxa8 32. Nd4 Ra2 33. Nxb5
Nc4 34. g3 Ne3 35. Nd4 Ng4 36. Nc2 g5 37. Kg1 gxf4 38. gxf4 f6 39. h3 Nh6 40.
Nd4 fxe5 41. fxe5 Kf7 42. Rf1+ Ke7 43. Rf6 Nf7 44. b5 Nd8 45. Rh6 1-0

[Event "Myriam Roy FIDE"]
[Site "Montreal CAN"]
[Date "2006.07.22"]
[Round "4"]
[White "Le Duin, Thierry"]
[Black "Tremblay, Alain"]
[Result "0-1"]
[WhiteElo "2053"]
[BlackElo "2073"]
[PlyCount "110"]
[EventDate "2006.07.01"]
[EventType "tourn"]
[EventRounds "9"]
[EventCountry "CAN"]

1. d4 d5 2. Nf3 Nf6 3. c3 Bf5 4. Nh4 Bg4 5. h3 Bh5 6. Qb3 b6 7. g4 Bg6 8. Nxg6
hxg6 9. Bg2 e6 10. Nd2 Bd6 11. e4 Bf4 12. exd5 exd5 13. O-O O-O 14. c4 c6 15.
cxd5 Nxd5 16. Bxd5 cxd5 17. Nf3 Bxc1 18. Raxc1 Na6 19. Rfe1 Nc7 20. Re5 Qd7 21.
Qc3 Ne6 22. Qc6 Rad8 23. Rc3 Nf4 24. Qxd7 Rxd7 25. Kh2 f6 26. Re1 Kf7 27. Kg3
Ne6 28. Rc6 Nc7 29. g5 Re8 30. Rxe8 Nxe8 31. h4 Nd6 32. b3 Ne4+ 33. Kg2 Nd6 34.
a4 Ke6 35. a5 bxa5 36. Ra6 Kf5 37. Rxa5 Ke4 38. gxf6 gxf6 39. Ra6 Kd3 40. Rc6
Ne4 41. b4 Rb7 42. Ra6 Kc4 43. Ra4 Rd7 44. Ra6 Kxb4 45. Ne1 Kb5 46. Re6 Rd6 47.
Re7 a5 48. f3 Nd2 49. Nd3 a4 50. Nc5 a3 51. Ra7 Nc4 52. Kf2 Kb4 53. Ke2 Kc3 54.
Kf2 Kxd4 55. Na4 a2 0-1

[Event "Myriam Roy FIDE"]
[Site "Montreal CAN"]
[Date "2006.07.22"]
[Round "4"]
[White "Sullivan, Neil"]
[Black "Libersan, Thierry"]
[Result "1-0"]
[WhiteElo "2123"]
[BlackElo "1930"]
[PlyCount "59"]
[EventDate "2006.07.01"]
[EventType "tourn"]
[EventRounds "9"]
[EventCountry "CAN"]

1. e4 c5 2. Nc3 Nc6 3. g3 g6 4. Bg2 Bg7 5. d3 d6 6. Be3 Nd4 7. Qd2 Qa5 8. Nf3
Bh3 9. Nxd4 Bxg2 10. Nb3 Qd8 11. Rg1 Bh3 12. f3 Be6 13. d4 cxd4 14. Bxd4 Nf6
15. g4 a6 16. f4 Rc8 17. f5 Bxb3 18. axb3 Kf8 19. O-O-O Nd7 20. g5 Qa5 21. Kb1
gxf5 22. exf5 Qxf5 23. Rdf1 Qg6 24. Bxg7+ Kxg7 25. Nd5 Rhe8 26. Nf4 Qe4 27. Rg4
Qe5 28. Rh4 Nf8 29. g6 fxg6 30. Nxg6 1-0

[Event "Myriam Roy FIDE"]
[Site "Montreal CAN"]
[Date "2006.07.23"]
[Round "5"]
[White "Libersan, Thierry"]
[Black "Masse, Hugues"]
[Result "0-1"]
[WhiteElo "1930"]
[BlackElo "2178"]
[PlyCount "52"]
[EventDate "2006.07.01"]
[EventType "tourn"]
[EventRounds "9"]
[EventCountry "CAN"]

1. e4 c5 2. Nf3 d6 3. d4 cxd4 4. Nxd4 Nf6 5. Nc3 a6 6. Bc4 e6 7. Bb3 Nbd7 8.
O-O Nc5 9. f4 Be7 10. Qf3 O-O 11. g4 d5 12. exd5 Nxb3 13. Nxb3 exd5 14. g5 Ne4
15. Nxe4 dxe4 16. Qxe4 Re8 17. Qf3 Bf5 18. c3 Bf8 19. Nd4 Be4 20. Qg3 Bc5 21.
Be3 b5 22. Bf2 Bb7 23. h4 Qd5 24. Kh2 Re4 25. Rae1 Rxf4 26. Rg1 Bd6 0-1

[Event "Myriam Roy FIDE"]
[Site "Montreal CAN"]
[Date "2006.07.23"]
[Round "5"]
[White "Roy, Myriam"]
[Black "Trinh, Tri Bao"]
[Result "1/2-1/2"]
[WhiteElo "1800"]
[BlackElo "2046"]
[PlyCount "36"]
[EventDate "2006.07.01"]
[EventType "tourn"]
[EventRounds "9"]
[EventCountry "CAN"]

1. e4 e6 2. d4 d5 3. Nc3 Bb4 4. e5 c5 5. a3 Bxc3+ 6. bxc3 Ne7 7. Nf3 Nbc6 8.
Bd3 Qa5 9. Qd2 b6 10. O-O Ba6 11. Bxa6 Qxa6 12. a4 O-O 13. Ba3 cxd4 14. cxd4 f6
15. exf6 Rxf6 16. Ne5 Nxe5 17. Bxe7 Rf7 18. Bd6 Nc4 1/2-1/2